| 000 | 00730nam a2200193 a 4500 | ||
|---|---|---|---|
| 003 | 0 | ||
| 005 | 20250421091617.0 | ||
| 008 | 060801s19uu xx 00 eng d | ||
| 050 |
_aPHS TP 248.27.P53 _b.M37 2006 |
||
| 100 | _aMarcelo, Nicole Marie Manahan. | ||
| 245 |
_aThe Use of Lagenaria siceraria fibers as a filter for dissolved solids / _cNicole Marie Manahan Marcelo. |
||
| 260 |
_aLas PiƱas City, Philippines : _bSouthville International School and Colleges, _c2006. |
||
| 300 |
_a40 pages : _billustrations ; _c28 cm. |
||
| 504 | _aIncludes bibliographical references. | ||
| 650 | _aLagenaria siceraria. | ||
| 650 |
_aDissolved solids _xRemoval. |
||
| 650 |
_aPlant fibers _xIndustrial applications. |
||
| 942 |
_2lcc _cPASS |
||
| 999 |
_c97644 _d97644 |
||